Scènes et proverbes / (Record no. 54115)
[ view plain ]
| 000 -LEADER | |
|---|---|
| campo de control de longitud fija | 00817nam a22002295i 4500 |
| 001 - NÚMERO DE CONTROL | |
| campo de control | 54115 |
| 003 - IDENTIFICADOR DE NÚMERO DE CONTROL | |
| campo de control | ES-MaACL |
| 005 - FECHA Y HORA DE LA ÚLTIMA TRANSACCIÓN | |
| campo de control | 20230906162910.0 |
| 007 - CAMPO FIJO DE DESCRIPCIÓN FÍSICA--INFORMACIÓN GENERAL | |
| campo de control de longitud fija | t| |
| 008 - DATOS DE LONGITUD FIJA--INFORMACIÓN GENERAL | |
| campo de control de longitud fija | 960710s1859 fr ||||1| fre d |
| 040 ## - FUENTE DE CATALOGACIÓN | |
| Centro catalogador/agencia de origen | CAM |
| Lengua de catalogación | spa |
| Centro/agencia transcriptor | CAM |
| 100 1# - ENTRADA PRINCIPAL--NOMBRE DE PERSONA | |
| Nombre de persona | Feuillet, Octave. |
| 9 (RLIN) | 50641 |
| 245 10 - MENCIÓN DEL TÍTULO | |
| Título | Scènes et proverbes / |
| Mención de responsabilidad, etc. | par Octave Feuillet. |
| 250 ## - MENCION DE EDICION | |
| Mención de edición | Nouvelle èdition. |
| 260 ## - PUBLICACIÓN, DISTRIBUCIÓN, ETC. | |
| Lugar de publicación, distribución, etc. | Paris : |
| Nombre del editor, distribuidor, etc. | Michel Lévy Frères, libraires-èditeur, |
| Fecha de publicación, distribución, etc. | 1859 ( |
| Fabricante | Imprimerie de Wittersheim) |
| 300 ## - DESCRIPCIÓN FÍSICA | |
| Extensión | [2], 371, [1] p. ; |
| Dimensiones | 18 cm. |
| 490 1# - MENCIÓN DE SERIE | |
| Mención de serie | Oeuvres complètes d'Octave Feuillet |
| 505 8# - NOTA DE CONTENIDO CON FORMATO | |
| Nota de contenido con formato | Contiene: Le fruit défendu; La crise; Rédemption; Le pour et le contre; Alix; La partie de dames; La clé d'or |
| 830 0# - PUNTO DE ACCESO ADICIONAL DE SERIE-TÍTULO UNIFORME | |
| Título uniforme | Oeuvres complètes d'Octave Feuillet |
| 9 (RLIN) | 182483 |
| 852 ## - LOCALIZACIÓN | |
| Ubicación | ES-MaACL |
| Número de control de estantería | F-8820 |
| Estatus retirado | Estado de pérdida | Estado de daño | No para préstamo | Colección | Biblioteca de origen | Biblioteca actual | Ubicación en estantería | Fecha de adquisición | Fuente de adquisición | Total de préstamos | Signatura topográfica completa | Código de barras | Visto por última vez | Precio de reemplazo | Tipo de ítem Koha |
|---|---|---|---|---|---|---|---|---|---|---|---|---|---|---|---|
| Libros del s. XIX | Biblioteca del Ateneo de Madrid | Biblioteca del Ateneo de Madrid | Sala Pecera Planta 2 | 17/01/2008 | F-8820 | 1056872 | 23/02/2023 | 23/02/2023 | Libro impreso antiguo |
